000 00320 a2200109 4500
001 ART_9599
005 20260410161837.0
008 260409a
245 1 0 _aLa evaluación de proyectos
100 1 _aBaigun, Alberto
773 0 _tContabilidad y administración
_g- Año 5, Nº 52 (oct. 1981)
_wREV5485
999 _c23719
_d23719